[Event "AUTO-OPEN-4537"]
[Site "http://www.queenalice.com/game.php?id=1839947"]
[Date "2024.7.8"]
[Round "1"]
[White "danielglowinski"]
[Black "Jsc"]
[Result "1-0"]
[WhiteElo "2465"]
[BlackElo "2039"]

1. e4 e6 2. d4 d5 3. Nc3 Nf6 4. e5 Nfd7 5. f4 g6 6. Nf3 c5 7. Be3 Qb6 8. Bb5 a6
9. dxc5 Bxc5 10. Bxc5 Qxc5 11. Bxd7+ Nxd7 12. Qd4 Qc6 13. O-O-O b5 14. h4 h5 15.
a3 Nb6 16. Ne4 Nd7 17. Nd6+ Kf8 18. Ng5 Nc5 19. Rh3 Ra7 20. Rc3 Rc7 21. Ndxf7
Kg7 22. Nxh8 1-0

[Event "AUTO-OPEN-4537"]
[Site "http://www.queenalice.com/game.php?id=1839948"]
[Date "2024.7.8"]
[Round "1"]
[White "Jsc"]
[Black "danielglowinski"]
[Result "0-1"]
[WhiteElo "2061"]
[BlackElo "2465"]

1. e4 c5 2. c3 Nc6 3. d4 cxd4 4. cxd4 d5 5. e5 Bf5 6. Nc3 e6 7. Be2 Nge7 8. h3
Be4 9. Nxe4 dxe4 10. Be3 Nf5 11. Bb5 Qa5+ 12. Bd2 Qxb5 13. Bc3 Nfxd4 14. Bxd4
Nxd4 15. Qxd4 Bb4+ 16. Kd1 Rd8 0-1

[Event "AUTO-OPEN-4540"]
[Site "http://www.queenalice.com/game.php?id=1841010"]
[Date "2024.7.29"]
[Round "1"]
[White "danielglowinski"]
[Black "cerenzo72"]
[Result "1-0"]
[WhiteElo "2462"]
[BlackElo "2037"]

1. e4 e5 2. Nf3 d6 3. d4 exd4 4. Nxd4 g6 5. Nc3 Bg7 6. Bb5+ Bd7 7. Bxd7+ Nxd7 8.
O-O Ne7 9. Bg5 O-O 10. Nd5 f6 11. Ne6 Qc8 12. Nxe7+ 1-0

[Event "AUTO-OPEN-4540"]
[Site "http://www.queenalice.com/game.php?id=1841012"]
[Date "2024.7.29"]
[Round "1"]
[White "danielglowinski"]
[Black "MarcosT"]
[Result "1-0"]
[WhiteElo "2460"]
[BlackElo "2044"]

1. e4 e5 2. Nf3 Nf6 3. Nxe5 Nc6 4. Nxc6 dxc6 5. e5 Ne4 6. d4 Qh4 7. Qe2 Bf5 8.
g3 Nxg3 9. fxg3 Qxd4 10. c3 Qd5 11. Bg2 Qe6 12. Qe3 O-O-O 13. O-O b6 14. b4 c5
15. Qf3 c6 16. Qxf5 Qxf5 17. Rxf5 Kc7 18. Bf4 cxb4 19. Rxf7+ Kc8 20. Bh3+ 1-0

[Event "AUTO-OPEN-4540"]
[Site "http://www.queenalice.com/game.php?id=1841013"]
[Date "2024.7.29"]
[Round "1"]
[White "MarcosT"]
[Black "danielglowinski"]
[Result "0-1"]
[WhiteElo "2056"]
[BlackElo "2466"]

1. e4 c6 2. Nf3 d5 3. exd5 cxd5 4. d4 e6 5. Bb5+ Bd7 6. Bxd7+ Qxd7 7. O-O Nc6 8.
c3 Nf6 9. b4 Bd6 10. Re1 O-O 11. Ne5 Qc7 12. Bf4 a5 13. b5 Ne7 14. Bg5 Rfc8 15.
Nd2 Qxc3 16. Ndf3 Ne4 17. Bxe7 Bxe7 18. Nd7 Qb2 19. Nb6 Qxf2+ 20. Kh1 Rc2 21.
Rg1 Rd8 22. Qe1 Bd6 0-1

[Event "AUTO-OPEN-4540"]
[Site "http://www.queenalice.com/game.php?id=1841014"]
[Date "2024.7.29"]
[Round "1"]
[White "danielglowinski"]
[Black "Rafale2000"]
[Result "1-0"]
[WhiteElo "2463"]
[BlackElo "2147"]

1. e4 Nf6 2. e5 Nd5 3. d4 d6 4. c4 Nb6 5. exd6 exd6 6. Nf3 Bg4 7. h3 Bf5 8. Bd3
Qe7+ 9. Be3 Bg6 10. O-O c5 11. Re1 Qc7 12. dxc5 N6d7 13. cxd6 Qa5 14. Bd2+ 1-0

[Event "AUTO-OPEN-4540"]
[Site "http://www.queenalice.com/game.php?id=1841015"]
[Date "2024.7.29"]
[Round "1"]
[White "Rafale2000"]
[Black "danielglowinski"]
[Result "0-1"]
[WhiteElo "2135"]
[BlackElo "2462"]

1. e4 e6 2. d4 d5 3. Nd2 dxe4 4. Nxe4 Nd7 5. Nf3 Ngf6 6. Bd3 b6 7. O-O Bb7 8.
Bg5 Be7 9. Nxf6+ Bxf6 10. Bxf6 Nxf6 11. c3 O-O 12. Ne5 c5 13. dxc5 Qd5 14. Nf3
Rad8 15. Bc2 Qxc5 16. Qe2 Bxf3 17. Qxf3 Rd2 18. Rac1 Qb5 19. b3 Qg5 20. Rfd1 Ng4
0-1

[Event "AUTO-ELITE-2551"]
[Site "http://www.queenalice.com/game.php?id=1843425"]
[Date "2024.9.9"]
[Round "1"]
[White "danielglowinski"]
[Black "raulzampronha"]
[Result "1-0"]
[WhiteElo "2472"]
[BlackElo "2294"]

1. d4 Nf6 2. c4 e6 3. Nf3 Bb4+ 4. Bd2 Be7 5. Nc3 d5 6. e3 O-O 7. cxd5 exd5 8.
Be2 c6 9. O-O Nbd7 10. Bd3 Re8 11. Qc2 Bd6 12. Rfe1 Nf8 13. e4 dxe4 14. Nxe4
Nxe4 15. Bxe4 Qc7 16. Bxh7+ 1-0

[Event "AUTO-OPEN-4548"]
[Site "http://www.queenalice.com/game.php?id=1843617"]
[Date "2024.9.13"]
[Round "1"]
[White "dosoldini"]
[Black "danielglowinski"]
[Result "0-1"]
[WhiteElo "1521"]
[BlackElo "2468"]

1. e4 e5 2. Bc4 Nf6 3. Ne2 Bc5 4. Ng3 Nc6 5. Nf5 d5 6. exd5 Na5 7. Qe2 Bxf5 8.
Qxe5+ Qe7 9. Qxe7+ Kxe7 10. Be2 Bxc2 11. Nc3 Rad8 12. O-O Nxd5 13. Ne4 Bxe4 14.
d3 Bg6 0-1

[Event "AUTO-OPEN-4548"]
[Site "http://www.queenalice.com/game.php?id=1843618"]
[Date "2024.9.13"]
[Round "1"]
[White "danielglowinski"]
[Black "dosoldini"]
[Result "1-0"]
[WhiteElo "2475"]
[BlackElo "1534"]

1. e4 e5 2. Nf3 Nc6 3. Bc4 a6 4. O-O Nf6 5. d3 h6 6. Be3 d5 7. exd5 Nxd5 8. Nc3
Be6 9. Qe1 Bb4 10. Bxd5 Bxd5 11. Nxe5 Nxe5 12. Bd4 Qg5 13. Qxe5+ Qxe5 14. Bxe5
O-O 15. Nxd5 Bd6 16. Bxd6 cxd6 17. f4 Kh7 18. Kf2 Rfe8 19. Nc7 1-0

[Event "AUTO-OPEN-4548"]
[Site "http://www.queenalice.com/game.php?id=1843637"]
[Date "2024.9.13"]
[Round "1"]
[White "Kapablanca"]
[Black "danielglowinski"]
[Result "0-1"]
[WhiteElo "2090"]
[BlackElo "2497"]

1. d4 Nf6 2. c4 e6 3. Nc3 Bb4 4. Bd2 O-O 5. e3 d5 6. a3 Bxc3 7. Bxc3 Nbd7 8. c5
Ne4 9. Nf3 e5 10. Nxe5 Nxe5 11. dxe5 f6 12. exf6 Nxc3 13. bxc3 Qxf6 14. Qc2 Bf5
15. Qd2 b6 16. cxb6 axb6 17. Be2 Ra4 18. O-O c6 19. Bf3 b5 20. h3 Bxh3 21. Rfc1
Rh4 0-1

[Event "AUTO-OPEN-4385"]
[Site "http://www.queenalice.com/game.php?id=1847749"]
[Date "2024.11.25"]
[Round "3"]
[White "danielglowinski"]
[Black "pomar"]
[Result "1-0"]
[WhiteElo "2492"]
[BlackElo "1839"]

1. e4 e6 2. d4 d5 3. exd5 exd5 4. Nf3 Bd6 5. Bd3 Ne7 6. O-O O-O 7. c3 Bg4 8. h3
Bh5 9. Bxh7+ Kxh7 10. Ng5+ Kg6 11. g4 Bxg4 12. Qxg4 Qd7 13. Ne6+ Kf6 14. Bg5+
Kg6 15. Nxf8# 1-0

[Event "AUTO-OPEN-4385"]
[Site "http://www.queenalice.com/game.php?id=1847751"]
[Date "2024.11.25"]
[Round "3"]
[White "danielglowinski"]
[Black "Tonto"]
[Result "1-0"]
[WhiteElo "2489"]
[BlackElo "2035"]

1. e4 Nc6 2. d4 e6 3. Nf3 Nf6 4. Nc3 Be7 5. d5 exd5 6. exd5 Nb4 7. Bc4 d6 8. a3
Na6 9. O-O Bg4 10. h3 Bh5 11. g4 Bg6 12. Bb5+ Nd7 13. Bxa6 bxa6 14. Nd4 O-O 15.
Nc6 Qe8 16. f4 h6 17. Re1 Nc5 18. Nxe7+ Kh7 19. Nxg6 1-0